Engineering mechanics : theory and problems

Sábháilte in:
Sonraí bibleagrafaíochta
Príomhchruthaitheoir: McLean, Willian G.
Rannpháirtithe: Nelson, E. W.
Formáid: LEABHAR
Teanga:English
Foilsithe / Cruthaithe: New York, New York : Schaum 1952
Sraith:Schaum’s outline series
Ábhair:
Clibeanna: Cuir clib leis
Níl clibeanna ann, Bí ar an gcéad duine le clib a chur leis an taifead seo!

MARC

LEADER 00000nam a2200000Ia 4500
003 000638
005 20221231143954.0
008 140114s1952 nyua 000 ||eng d
040 |c cru CEDI 
082 |a 620.1 M161e 
100 |a McLean, Willian G.  |9 19553 
245 |a Engineering mechanics : theory and problems  
260 |a New York, New York : Schaum  |c 1952 
300 |a 296 páginas : ilustraciones ; 28 cm.-- 
440 |a Schaum’s outline series  |9 19116 
650 |x MECANICA APLICADA   |x MECANICA APLICADA - PROBLEMAS, EJERCICIOS, ETC.  |9 19555 
700 |9 19554  |a Nelson, E. W. 
942 |2 ddc  |c BK 
999 |c 15014  |d 15014